Wszystkie kluby piłkarskie z top 5 lig 2020/21 - Statystyki

Ogólne statystyki
  • Ten quiz został rozwiązany 2 528 razy
  • Średni wynik to 32 z 96
Statystyki odpowiedzi
% Poprawnych
Barcelona
95%
Real Madryt
94%
Manchester City
81%
Manchester Utd
80%
PSG
77%
Leverkusen
76%
Juventus
74%
Liverpool
73%
Atl. Madryt
72%
AC Milan
70%
Arsenal
70%
Bayern
69%
Chelsea
68%
Inter
67%
Dortmund
65%
Napoli
61%
Tottenham
60%
Sevilla
59%
AS Roma
55%
Valencia
52%
Lyon
49%
Marsylia
48%
West Ham
47%
Aston Villa
46%
Monaco
44%
Real Sociedad
44%
Everton
40%
Villareal
40%
Lazio
39%
Leicester
38%
Newcastle
36%
Atalanta
35%
Ath. Bilbao
35%
RB Lipsk
35%
Betis
34%
Brighton
34%
Schalke
34%
Wolves
33%
Southampton
32%
Fiorentina
31%
Lille
30%
Crystal Palace
29%
Leeds
29%
Union Berlin
29%
Wolfsburg
29%
Torino
28%
Fulham
27%
Getafe
27%
Lens
27%
Burnley
25%
Frankfurt
25%
Hertha
24%
Sassuolo
24%
Bologna
23%
Celta Vigo
23%
FC Köln
23%
Genoa
23%
Nice
23%
Sampdoria
23%
Mönchengladbach
22%
Osasuna
22%
Cadiz
21%
Udinese
20%
Verona
20%
Bremen
19%
Rennes
19%
Alaves
18%
Augsburg
18%
Granada
18%
Levante
18%
Mainz
18%
Nantes
18%
Parma
18%
Bordeaux
17%
Sheffield Utd
17%
Stuttgart
17%
Freiburg
16%
Hoffenheim
15%
Valladolid
15%
West Brom
15%
Eibar
14%
Strasbourg
14%
Cagliari
13%
Montpellier
13%
Reims
13%
Benevento
12%
Brest
12%
Angers
11%
St. Etienne
10%
Bielefeld
9%
Huesca
9%
Lorient
9%
Metz
9%
Dijon
7%
Crotone
5%
Nimes
5%
Nie znaleziono quizów pasujących do podanych kryteriów
Rozkład punktacji
Procent ludzi z każdym wynikiem
Percentyl według liczby udzielonych odpowiedzi
Twoja historia wyników
Nie rozwiązałeś tego quizu